| 000 | 00516 a2200205 4500 | ||
|---|---|---|---|
| 005 | 20241211112319.0 | ||
| 008 | 241211b |||||||| |||| 00| 0 eng d | ||
| 020 |
_a9788190953894 _cRs. 285.00 |
||
| 040 | _aMAIN | ||
| 082 |
_a510 _bJ199E |
||
| 100 | _aJain, M. L. | ||
| 245 | _aElements of mathematical foundation-II | ||
| 260 |
_bJeevansons publications _aNew Delhi _cn.d |
||
| 300 | _av. | ||
| 650 | _aMathematics | ||
| 700 | _aPunia, Rajkala | ||
| 700 | _aSharma, J. K | ||
| 700 | _aNiket | ||
| 942 | _cBK | ||
| 999 |
_c357467 _d357467 |
||